Eugeen van Mieghem. (Record no. 4891)

MARC details
000 -LEADER
fixed length control field 00994cam a22002411 4500
001 - CONTROL NUMBER
control field af 48002150
003 - CONTROL NUMBER IDENTIFIER
control field DLC
005 - DATE AND TIME OF LATEST TRANSACTION
control field 20260227110853.0
008 - FIXED-LENGTH DATA ELEMENTS--GENERAL INFORMATION
fixed length control field 850401s1944 be f 000 0 dut c
010 ## - LIBRARY OF CONGRESS CONTROL NUMBER
LC control number af 48002150
035 ## - SYSTEM CONTROL NUMBER
System control number (OCoLC)11873047
040 ## - CATALOGING SOURCE
Original cataloging agency New York. Public Libr.
Transcribing agency CLU
Modifying agency DLC
042 ## - AUTHENTICATION CODE
Authentication code premarc
050 00 - LIBRARY OF CONGRESS CALL NUMBER
Classification number ND673.M65
Item number O35
100 1# - MAIN ENTRY--PERSONAL NAME
Personal name Offel, Edmond van,
Dates associated with a name 1871-1959.
245 00 - TITLE STATEMENT
Title Eugeen van Mieghem.
Statement of responsibility, etc. Uitg. in opdracht van de Vereeniging voor Kunstverspreiding "Levet Scone."
260 ## - PUBLICATION, DISTRIBUTION, ETC.
Place of publication, distribution, etc. Antwerpen,
Name of publisher, distributor, etc. Standaard-Boekhandel
Date of publication, distribution, etc. [1944]
300 ## - PHYSICAL DESCRIPTION
Extent 28 p.
Other physical details plates.
Dimensions 20 cm.
440 #0 - SERIES STATEMENT/ADDED ENTRY--TITLE
Title Kunstenaars van heden,
Volume/sequential designation reeks 2
500 ## - GENERAL NOTE
General note "Deze lezing werd gehouden bij gelegenheid van de opening der tentoonstelling gewijd aan het werk van Eugeen van Mieghem, op 1 April 1944, ingericht door het Stadsbestuur van Antwerpen, in het S̕tedelijk Kunstsalon.'"
600 10 - SUBJECT ADDED ENTRY--PERSONAL NAME
Personal name Mieghem, Eugeen van,
Dates associated with a name 1875-1930.
710 2# - ADDED ENTRY--CORPORATE NAME
Corporate name or jurisdiction name as entry element Vereeniging voor kinstverspreiding "Levet scone."

No items available.

Powered by Koha